00544nam a2200205 a 4500001001300000003000900013005001700022008004100039020001000080082001700090100002600107245002700133260005400160300000900214500003500223505001900258650001300277650002200290700002600312nice12345678IN_TiNIC20260116013316.0050524s1996 newa grp 000 0 eng  ac15000a297.63bSHA2 aShaikh, Fazlur Rahman aFootprints of Muhammad aNew Delhi bAdam Publisher and Distributer c1996 a203p aincludes index and biblioraphy2 areprinted 1993 aMuhammad aMuhammad, Prophet1 aShaikh, Fazlur Rahman